00602 2200217 4500001002100000005001700021008004100038035002400079040001200103082001100115090002000126100002100146245005900167250001800226260003400244300002800278500002900306650002200335850001200357990001500369YOGYA-0209000003550120090227025021.0 ind  0010-020900000035501 aYOPDYOG a181.16 aT 181.16bSum P aSumasdi, Hartati aPemikiran tentang filsafat PancasilacHartati Soemasdi aEd. 1, cet. 1 aYogyakartabAndi Offsetc1985 avi, 69 hlmbilusc21 cm aBibliografi : hlm. 67-69 aFilsafatPancasila aYOPDYOG a93P0039956